[Event "Paul Keres mem (24th)"]
[Site "New Westminster CAN"]
[Date "1999.05.21"]
[Round "1"]
[White "Pangilinan, Emmanuel"]
[Black "Kuczaj, Chris"]
[Result "0-1"]
[WhiteElo "1903"]
[BlackElo "2114"]
[PlyCount "56"]
[GameId "2160767911804933"]
[EventDate "1999.05.21"]
[EventType "swiss"]
[EventRounds "7"]
[EventCountry "CAN"]

1. d4 Nf6 2. e3 c5 3. f4 e6 4. Bd3 Nc6 5. c3 Be7 6. Nf3 b6 7. O-O Bb7 8. Qe1 cxd4 9. exd4 O-O 10. b4 Rc8 11. Bc2 Nxb4 12. Bxh7+ Nxh7 13. cxb4 Qc7 14. Bd2 Qc4 15. a3 Bxf3 16. Rxf3 Qxd4+ 17. Kh1 Qxa1 18. Bc3 Qa2 19. h3 Bf6 20. Bxf6 Nxf6 21. Kh2 Rc2 22. Rg3 Nh5 23. Rg4 Nxf4 24. Qe4 Rxg2+ 25. Rxg2 Qxg2+ 26. Qxg2 Nxg2 27. Kxg2 Rc8 28. Kf3 Rc1 0-1

[Event "Paul Keres mem (24th)"]
[Site "New Westminster CAN"]
[Date "1999.05.21"]
[Round "1"]
[White "Pupols, Viktors"]
[Black "Stanford, Mike"]
[Result "1-0"]
[WhiteElo "2296"]
[BlackElo "1970"]
[PlyCount "105"]
[GameId "2160767911804935"]
[EventDate "1999.05.21"]
[EventType "swiss"]
[EventRounds "7"]
[EventCountry "CAN"]

1. d4 Nf6 2. c4 g6 3. Nc3 Bg7 4. e4 d6 5. Be2 O-O 6. Nf3 Nc6 7. O-O e5 8. d5 Ne7 9. Ne1 Nd7 10. f3 f5 11. g4 f4 12. h4 Nf6 13. Rf2 c6 14. Nc2 a5 15. b3 c5 16. Bd2 Bd7 17. a3 b6 18. Be1 h5 19. g5 Ne8 20. Bd3 Nc7 21. Rb1 Rb8 22. Qe2 Qc8 23. Rh2 Bh3 24. Bd2 Bd7 25. Qf1 Be8 26. Rf2 Bd7 27. Kh2 Be8 28. Qc1 Bd7 29. Be1 Be8 30. Na1 Bd7 31. Rfb2 Na6 32. Nc2 Kh8 33. Qd2 Qd8 34. Bf1 Qc8 35. Bf2 Kg8 36. b4 axb4 37. axb4 Kh7 38. Nb5 Bxb5 39. cxb5 Nc7 40. bxc5 dxc5 41. Na3 Rd8 42. Bh3 Qb7 43. d6 Ne8 44. d7 Nc7 45. Nc4 Ncd5 46. exd5 e4 47. fxe4 Bxb2 48. Qxb2 Nxd5 49. exd5 Qxd5 50. Qe5 Qxc4 51. Qe7+ Kh8 52. Qf6+ Kh7 53. Re1 1-0

[Event "Paul Keres mem (24th)"]
[Site "New Westminster CAN"]
[Date "1999.05.21"]
[Round "1"]
[White "San Juan, Louie"]
[Black "Milicevic, Dragoljub"]
[Result "0-1"]
[WhiteElo "2013"]
[BlackElo "2314"]
[PlyCount "56"]
[GameId "2160767911804936"]
[EventDate "1999.05.21"]
[EventType "swiss"]
[EventRounds "7"]
[EventCountry "CAN"]

1. d4 f5 2. e3 Nf6 3. Nd2 g6 4. Bd3 Nc6 5. Ngf3 d5 6. b3 Bg7 7. O-O O-O 8. Bb2 Ne4 9. a3 a6 10. c4 e6 11. Qc2 Bd7 12. Ne5 Nxe5 13. dxe5 Rc8 14. f4 c5 15. cxd5 exd5 16. Nf3 Qb6 17. Rfe1 Rfd8 18. Rad1 Be6 19. Bxe4 dxe4 20. Nd2 Rd3 21. Bc3 Rcd8 22. Nc4 Qc6 23. Nd6 R8xd6 24. exd6 Rxc3 25. Qd2 Rd3 26. Qa5 Qxd6 27. Rxd3 exd3 28. Qa4 b5 0-1

[Event "Paul Keres mem (24th)"]
[Site "New Westminster CAN"]
[Date "1999.05.21"]
[Round "1"]
[White "Sommerfeld, Gilbert"]
[Black "Krzyzowski, Ernest"]
[Result "1-0"]
[WhiteElo "2277"]
[BlackElo "1937"]
[PlyCount "141"]
[GameId "2160767911804937"]
[EventDate "1999.05.21"]
[EventType "swiss"]
[EventRounds "7"]
[EventCountry "CAN"]

1. Nf3 f5 2. c4 Nf6 3. g3 e6 4. Bg2 Be7 5. b3 O-O 6. Ba3 Bxa3 7. Nxa3 Qe7 8. Nb5 d5 9. cxd5 exd5 10. Rc1 c6 11. Nbd4 Na6 12. O-O Bd7 13. d3 Rae8 14. Re1 Qd6 15. Qd2 Re7 16. Qf4 Qxf4 17. gxf4 Nh5 18. e3 Nb4 19. Red1 h6 20. Nh4 Kh7 21. Bf3 g6 22. Bxh5 gxh5 23. a3 Rg7+ 24. Kh1 Na6 25. b4 Rg4 26. Nhf3 Be8 27. h3 Rgg8 28. Rg1 Rxg1+ 29. Kxg1 Nc7 30. Nh4 Bd7 31. Kf1 a6 32. a4 Rf6 33. Ke2 Kg8 34. Rg1+ Kf7 35. Nhf3 Be8 36. Ne5+ Kf8 37. h4 Ne6 38. Nb3 d4 39. Nc5 Nxc5 40. bxc5 dxe3 41. fxe3 Re6 42. Rb1 Re7 43. Nc4 Rg7 44. Kf2 Rg4 45. Rxb7 Rxh4 46. Nd6 Bg6 47. Rb6 Rg4 48. Rb1 h4 49. Rh1 Ke7 50. Nc4 Be8 51. Ne5 Rg8 52. Rxh4 h5 53. Rh1 Ke6 54. Nf3 Kd5 55. Rc1 Rg7 56. Nd4 Bd7 57. Nf3 Bc8 58. Ng5 Rb7 59. d4 Rb2+ 60. Kf3 Ra2 61. Rb1 a5 62. Rb8 Ba6 63. Rd8+ Kc4 64. Ra8 Rxa4 65. Rxa6 Kd5 66. Nf7 Ra1 67. Ne5 a4 68. Rxc6 Rf1+ 69. Ke2 Ra1 70. Rd6+ Ke4 71. Nf3 1-0

[Event "Paul Keres mem (24th)"]
[Site "New Westminster CAN"]
[Date "1999.05.21"]
[Round "1"]
[White "Stockhausen, Peter"]
[Black "Pascuzzi, Anthony"]
[Result "0-1"]
[WhiteElo "1725"]
[BlackElo "2122"]
[PlyCount "72"]
[GameId "2160767911804938"]
[EventDate "1999.05.21"]
[EventType "swiss"]
[EventRounds "7"]
[EventCountry "CAN"]

1. e4 c6 2. d4 d5 3. e5 Bf5 4. Nc3 e6 5. g4 Bg6 6. Nge2 Bb4 7. Bd2 h6 8. Nf4 Bh7 9. Bd3 Bxd3 10. Nxd3 Bf8 11. Qf3 Nd7 12. O-O-O Ne7 13. h4 h5 14. Bg5 Qb6 15. Nf4 c5 16. Bxe7 Bxe7 17. Ncxd5 exd5 18. Nxd5 Qc6 19. g5 Nb6 20. dxc5 Nxd5 21. Rxd5 O-O 22. Rhd1 Rad8 23. Qd3 Rxd5 24. Qxd5 Rd8 25. Qxc6 Rxd1+ 26. Kxd1 bxc6 27. b4 f6 28. f4 fxg5 29. fxg5 Kf7 30. Ke2 Ke6 31. Kd3 Kxe5 32. Kc4 Bxg5 33. a4 Bxh4 34. b5 Bd8 35. Kd3 h4 36. Ke2 Kd4 0-1

[Event "Paul Keres mem (24th)"]
[Site "New Westminster CAN"]
[Date "1999.05.21"]
[Round "1"]
[White "Sullivan, Brian"]
[Black "Bojovic, Gavrilo"]
[Result "0-1"]
[WhiteElo "1743"]
[BlackElo "2153"]
[PlyCount "64"]
[GameId "2160767911804939"]
[EventDate "1999.05.21"]
[EventType "swiss"]
[EventRounds "7"]
[EventCountry "CAN"]

1. d4 Nf6 2. c4 c5 3. Nf3 cxd4 4. Nxd4 e5 5. Nf3 Bc5 6. e3 Nc6 7. Nc3 a6 8. Be2 O-O 9. O-O d6 10. h3 Bf5 11. a3 Qd7 12. b4 Bb6 13. Nd5 Nxd5 14. cxd5 Ne7 15. Nd2 Nxd5 16. e4 Nc3 17. Qe1 Nxe4 18. Nxe4 Bxe4 19. Bxa6 Bxg2 20. Kxg2 bxa6 21. Bb2 Rac8 22. Qe4 Qc6 23. Qxc6 Rxc6 24. Rac1 Rfc8 25. Kf3 Rxc1 26. Rxc1 f5 27. Bc3 Bc7 28. Ke3 Kf7 29. a4 Ke6 30. f4 Kd5 31. b5 axb5 32. axb5 Kc5 0-1

[Event "Paul Keres mem (24th)"]
[Site "New Westminster CAN"]
[Date "1999.05.21"]
[Round "1"]
[White "Wright, Stephen"]
[Black "Wong, Samuel"]
[Result "1/2-1/2"]
[WhiteElo "2256"]
[BlackElo "1885"]
[PlyCount "81"]
[GameId "2160767911804940"]
[EventDate "1999.05.21"]
[EventType "swiss"]
[EventRounds "7"]
[EventCountry "CAN"]

1. d4 Nf6 2. Nf3 d5 3. c4 c6 4. Nc3 e6 5. e3 Nbd7 6. Qc2 Be7 7. g4 dxc4 8. Bxc4 b5 9. Bd3 a6 10. Bd2 Bb7 11. g5 Nd5 12. Nxd5 cxd5 13. Rg1 g6 14. Ke2 Qb6 15. Qb3 b4 16. Rac1 O-O 17. h4 Rfc8 18. Rxc8+ Rxc8 19. h5 a5 20. Ne5 Nxe5 21. dxe5 Ba6 22. f4 Bb5 23. Bxb5 Qxb5+ 24. Qd3 Qxd3+ 25. Kxd3 Rc6 26. Rb1 Kg7 27. h6+ Kf8 28. a3 Ke8 29. axb4 axb4 30. Ra1 Kd7 31. Ra8 Rc8 32. Ra4 Rb8 33. Ra7+ Kd8 34. Kc2 Rc8+ 35. Kb3 Rb8 36. Ra4 Bc5 37. Ra5 Rc8 38. Ka4 Kd7 39. Kb3 Kc6 40. Ra4 Rb8 41. Kc2 1/2-1/2

[Event "Paul Keres mem (24th)"]
[Site "New Westminster CAN"]
[Date "1999.05.21"]
[Round "1"]
[White "Zick, David"]
[Black "Teplitsky, Yan"]
[Result "0-1"]
[WhiteElo "2228"]
[BlackElo "2526"]
[PlyCount "62"]
[GameId "2160767911804943"]
[EventDate "1999.05.21"]
[EventType "swiss"]
[EventRounds "7"]
[EventCountry "CAN"]

1. e4 c5 2. Nf3 d6 3. d4 cxd4 4. Nxd4 Nf6 5. Nc3 Nc6 6. Bc4 Qb6 7. Nb3 e6 8. O-O Be7 9. Bg5 Ne5 10. Be2 a6 11. Kh1 O-O 12. f4 Ng6 13. Bd3 Qc7 14. a4 h6 15. h4 hxg5 16. hxg5 Nh7 17. Qh5 Nxf4 18. Rxf4 g6 19. Qh2 Bxg5 20. Rf3 Kg7 21. Raf1 f6 22. e5 dxe5 23. Rh3 Rh8 24. Ne4 Bd7 25. Nd4 Bf4 26. g3 Ng5 27. Nxg5 Bxg5 28. Nf3 Rxh3 29. Qxh3 Rh8 30. Nh4 Bc6+ 31. Kh2 e4 0-1

[Event "Paul Keres mem (24th)"]
[Site "New Westminster CAN"]
[Date "1999.05.22"]
[Round "2"]
[White "Angelvette, Duane"]
[Black "San Juan, Louie"]
[Result "0-1"]
[WhiteElo "1676"]
[BlackElo "2013"]
[PlyCount "52"]
[GameId "2160767911804945"]
[EventDate "1999.05.21"]
[EventType "swiss"]
[EventRounds "7"]
[EventCountry "CAN"]

1. e4 b6 2. d4 Bb7 3. Bd3 e6 4. Nf3 d6 5. c4 Nd7 6. Qe2 Ngf6 7. Bg5 Be7 8. d5 Nc5 9. Nd4 O-O 10. O-O exd5 11. exd5 Nxd5 12. cxd5 Bxg5 13. Bc2 Bxd5 14. f4 Bf6 15. Bxh7+ Kxh7 16. Qh5+ Kg8 17. Qxd5 Qe7 18. Nc3 Qe3+ 19. Kh1 Qxd4 20. Qf5 g6 21. Qg4 Ne4 22. Rad1 Nf2+ 23. Rxf2 Qxf2 24. Nd5 Bd8 25. h3 Re8 26. Rd3 Qf1+ 0-1

[Event "Paul Keres mem (24th)"]
[Site "New Westminster CAN"]
[Date "1999.05.22"]
[Round "2"]
[White "Bates, Darren"]
[Black "Harutyunyan, Ararat"]
[Result "0-1"]
[WhiteElo "1617"]
[BlackElo "1914"]
[PlyCount "48"]
[GameId "2160767911804946"]
[EventDate "1999.05.21"]
[EventType "swiss"]
[EventRounds "7"]
[EventCountry "CAN"]

1. f4 d5 2. e3 Nf6 3. Nf3 c5 4. b3 g6 5. Bb2 Bg7 6. Ne5 O-O 7. g4 Nxg4 8. Qe2 Qc7 9. d4 Nxe5 10. dxe5 Bf5 11. Nc3 e6 12. Nb5 Qb6 13. Bg2 Bxc2 14. e4 Bxe4 15. Bxe4 dxe4 16. O-O-O Bh6 17. Rdf1 Nc6 18. Nd6 Nb4 19. Ba3 Bxf4+ 20. Rxf4 Nd3+ 21. Kb1 Nxf4 22. Qxe4 Nd5 23. Rc1 Qa5 24. Rxc5 Qxa3 0-1

[Event "Paul Keres mem (24th)"]
[Site "New Westminster CAN"]
[Date "1999.05.22"]
[Round "2"]
[White "Berry, Jonathan"]
[Black "Bojovic, Gavrilo"]
[Result "1-0"]
[WhiteElo "2383"]
[BlackElo "2153"]
[PlyCount "73"]
[GameId "2160767911804947"]
[EventDate "1999.05.21"]
[EventType "swiss"]
[EventRounds "7"]
[EventCountry "CAN"]

1. c4 e5 2. Nc3 Nf6 3. g3 d5 4. cxd5 Nxd5 5. Bg2 Be6 6. Nf3 Nc6 7. O-O Be7 8. d3 O-O 9. Bd2 Qd7 10. a3 Rad8 11. b4 a6 12. Ne4 Bh3 13. Bxh3 Qxh3 14. Rc1 h6 15. Rxc6 bxc6 16. Nxe5 f5 17. Nc3 Nf6 18. Qb3+ Kh7 19. Qc4 Bd6 20. Nf3 f4 21. Bxf4 Bxf4 22. Qxf4 Ng4 23. Qe4+ Kh8 24. Rc1 Rde8 25. Qxc6 Re5 26. Ne4 Rxf3 27. exf3 Qxh2+ 28. Kf1 Rxe4 29. Qa8+ Kh7 30. Qxe4+ Kg8 31. fxg4 h5 32. Rxc7 Qh3+ 33. Kg1 hxg4 34. Qe6+ Kh8 35. Qg6 Qh7 36. Rc8+ Qg8 37. Qh5# 1-0

[Event "Paul Keres mem (24th)"]
[Site "New Westminster CAN"]
[Date "1999.05.22"]
[Round "2"]
[White "Chapman, Erik"]
[Black "Pupols, Viktors"]
[Result "0-1"]
[WhiteElo "2016"]
[BlackElo "2296"]
[PlyCount "62"]
[GameId "2160767911804948"]
[EventDate "1999.05.21"]
[EventType "swiss"]
[EventRounds "7"]
[EventCountry "CAN"]

1. f4 g6 2. d4 Bg7 3. Nf3 d6 4. e3 Nf6 5. Bd3 Nc6 6. O-O O-O 7. c3 e5 8. e4 exd4 9. Nxd4 Nxd4 10. cxd4 c5 11. d5 c4 12. Bc2 Qb6+ 13. Kh1 Ng4 14. Qd2 Bd4 15. h3 Be3 16. Qe1 Nf2+ 17. Kh2 Bd4 18. Nc3 Bd7 19. Kg3 Nd3 20. Bxd3 cxd3 21. Qd2 Rac8 22. Qxd3 Bxc3 23. bxc3 Bb5 24. Qf3 Bxf1 25. Qxf1 Rxc3+ 26. Kh2 Rc2 27. Qf3 Qd4 28. Rb1 Re8 29. Rxb7 Rxc1 30. f5 Qe5+ 31. Qg3 Rh1+ 0-1

[Event "Paul Keres mem (24th)"]
[Site "New Westminster CAN"]
[Date "1999.05.22"]
[Round "2"]
[White "Downey, Glen"]
[Black "Stockhausen, Peter"]
[Result "1-0"]
[WhiteElo "2012"]
[BlackElo "1725"]
[PlyCount "63"]
[GameId "2160767911804949"]
[EventDate "1999.05.21"]
[EventType "swiss"]
[EventRounds "7"]
[EventCountry "CAN"]

1. d4 c6 2. Nf3 d5 3. Bf4 e6 4. c3 Bd6 5. Bg3 Nf6 6. Nbd2 O-O 7. e3 c5 8. Bd3 Nc6 9. Qc2 c4 10. Be2 b5 11. e4 dxe4 12. Nxe4 Nxe4 13. Qxe4 Bb7 14. Ng5 Qxg5 15. Bxd6 Rfe8 16. Bf3 Rad8 17. Bf4 Qe7 18. Qe3 e5 19. dxe5 Rd3 20. Qe2 Nxe5 21. Be3 Nxf3+ 22. gxf3 Qf6 23. Rg1 Bxf3 24. Qc2 Qh4 25. Rg3 Qe4 26. Kf1 Red8 27. Re1 Qd5 28. Bd4 g6 29. Qc1 Qh5 30. Qf4 Bd5 31. Qf6 Rxd4 32. Qxd8+ 1-0

[Event "Paul Keres mem (24th)"]
[Site "New Westminster CAN"]
[Date "1999.05.22"]
[Round "2"]
[White "Hallam, John"]
[Black "Aquino, Manfrei"]
[Result "1/2-1/2"]
[WhiteElo "2257"]
[BlackElo "1959"]
[PlyCount "131"]
[GameId "2160767911804950"]
[EventDate "1999.05.21"]
[EventType "swiss"]
[EventRounds "7"]
[EventCountry "CAN"]

1. d4 Nf6 2. c4 c5 3. d5 g6 4. Nc3 Na6 5. e4 d6 6. Nf3 Bg7 7. Be2 Nc7 8. Rb1 a6 9. Qc2 O-O 10. h3 b5 11. cxb5 axb5 12. b4 c4 13. Be3 Bd7 14. Rd1 Ra6 15. O-O Qa8 16. a4 Rb8 17. a5 e6 18. Bb6 Raxb6 19. axb6 Rxb6 20. dxe6 fxe6 21. Rfe1 Bc8 22. Bf1 Bb7 23. Ra1 Ra6 24. Rxa6 Qxa6 25. Qd2 d5 26. e5 Nfe8 27. Nd4 Bf8 28. Nc2 Qb6 29. Ne2 Na6 30. Ned4 Nec7 31. Rb1 Nb8 32. Kh1 Nc6 33. f4 Nxd4 34. Qxd4 Qc6 35. g4 Bc8 36. Bg2 Bb7 37. Kh2 Kf7 38. Rf1 Ke8 39. Qc3 Na6 40. f5 gxf5 41. gxf5 exf5 42. Rxf5 Qg6 43. Qf3 Be7 44. Nd4 Nxb4 45. Nxb5 d4 46. Qxb7 Qxf5 47. e6 Qe5+ 48. Kg1 Kf8 49. Qc8+ Kg7 50. Qd7 Kf6 51. Nc7 Qc5 52. Ne8+ Kg5 53. Be4 d3+ 54. Kg2 h5 55. Ng7 c3 56. h4+ Kf4 57. Bxd3 Nxd3 58. Qxd3 c2 59. Nxh5+ Ke5 60. Qg3+ Kxe6 61. Nf4+ Kd7 62. Qd3+ Bd6 63. Ne2 c1=Q 64. Nxc1 Qxc1 65. Qf5+ Ke7 66. Qg5+ 1/2-1/2

[Event "Paul Keres mem (24th)"]
[Site "New Westminster CAN"]
[Date "1999.05.22"]
[Round "2"]
[White "Holubowicz, Kazimiercz"]
[Black "Zick, David"]
[Result "0-1"]
[WhiteElo "1776"]
[BlackElo "2228"]
[PlyCount "94"]
[GameId "2160767911804953"]
[EventDate "1999.05.21"]
[EventType "swiss"]
[EventRounds "7"]
[EventCountry "CAN"]

1. Nf3 g6 2. d4 Nf6 3. Bf4 d6 4. Nbd2 Bg7 5. e3 O-O 6. c3 Nbd7 7. Bd3 e5 8. Bg5 Re8 9. d5 c6 10. c4 Qa5 11. e4 cxd5 12. cxd5 Nxd5 13. exd5 e4 14. Qe2 Ne5 15. Bxe4 f5 16. O-O fxe4 17. Qxe4 Bf5 18. Qh4 Qxd5 19. Rfd1 Nd3 20. Bf6 Bxf6 21. Qxf6 Nf4 22. Re1 Re2 23. Rxe2 Nxe2+ 24. Kh1 Rf8 25. Qe7 Nf4 26. Rc1 Rf7 27. Rc8+ Bxc8 28. Qe8+ Rf8 29. Qe3 b6 30. h4 Bb7 31. Kh2 Nxg2 32. Kxg2 Rxf3 33. Qxf3 Qf7 34. Ne4 Qf5 35. Nf6+ Qxf6 36. Qxb7 Qd8 37. Qxa7 d5 38. Qa4 d4 39. Qc4+ Kg7 40. Qd3 Qxh4 41. f3 Qf6 42. Qe4 Qd6 43. Qd3 Qe5 44. b3 h5 45. Qe4 Qxe4 46. fxe4 d3 47. Kf2 h4 0-1

[Event "Paul Keres mem (24th)"]
[Site "New Westminster CAN"]
[Date "1999.05.22"]
[Round "2"]
[White "Ivankovic, Goran"]
[Black "Kostadinov, George"]
[Result "0-1"]
[WhiteElo "1844"]
[BlackElo "2118"]
[PlyCount "68"]
[GameId "2160767911804954"]
[EventDate "1999.05.21"]
[EventType "swiss"]
[EventRounds "7"]
[EventCountry "CAN"]

1. e4 c5 2. Nf3 d6 3. Bb5+ Bd7 4. Qe2 e6 5. Nc3 Nc6 6. O-O Nge7 7. d3 Nd4 8. Nxd4 cxd4 9. Bxd7+ Qxd7 10. Nd1 Nc6 11. f4 Be7 12. c4 O-O 13. Nf2 Rab8 14. Qg4 f5 15. Qg3 b5 16. cxb5 Rxb5 17. h4 Rc8 18. h5 a5 19. a3 a4 20. Nh3 Na5 21. exf5 Rxf5 22. h6 g6 23. Bd2 Nb3 24. Rad1 Rc2 25. Bb4 Rxb2 26. Ng5 e5 27. Ne4 d5 28. fxe5 dxe4 29. e6 Qxe6 30. Bxe7 Nc5 31. Qc7 Nd7 32. Qd8+ Kf7 33. Rxf5+ gxf5 34. dxe4 Qxe4 0-1

[Event "Paul Keres mem (24th)"]
[Site "New Westminster CAN"]
[Date "1999.05.22"]
[Round "2"]
[White "Milicevic, Dragoljub"]
[Black "Baunok, Zoltan"]
[Result "1-0"]
[WhiteElo "2314"]
[BlackElo "2149"]
[PlyCount "39"]
[GameId "2160767911804956"]
[EventDate "1999.05.21"]
[EventType "swiss"]
[EventRounds "7"]
[EventCountry "CAN"]

1. c4 Nf6 2. Nf3 c5 3. g3 g6 4. Bg2 Bg7 5. O-O O-O 6. Nc3 d5 7. cxd5 Nxd5 8. Qa4 Be6 9. Ng5 Nxc3 10. dxc3 Bd7 11. Qh4 h6 12. Ne4 Bc6 13. Bxh6 Bxe4 14. Bxe4 Nc6 15. Bg5 Qc7 16. f4 e6 17. Rad1 f6 18. Bxg6 Bh8 19. Bh6 Rfd8 20. Qg4 1-0

[Event "Paul Keres mem (24th)"]
[Site "New Westminster CAN"]
[Date "1999.05.22"]
[Round "2"]
[White "Moisseev, Dmitri"]
[Black "Sommerfeld, Gilbert"]
[Result "0-1"]
[WhiteElo "1875"]
[BlackElo "2277"]
[PlyCount "46"]
[GameId "2160767911804957"]
[EventDate "1999.05.21"]
[EventType "swiss"]
[EventRounds "7"]
[EventCountry "CAN"]

1. e4 c5 2. Nf3 e6 3. d4 cxd4 4. Nxd4 a6 5. a4 Nf6 6. Nc3 Qc7 7. Bd3 b6 8. f4 Bb7 9. O-O Bc5 10. Be3 Nc6 11. e5 Nxe5 12. Be2 Nc6 13. Bf3 Nxd4 14. Bxb7 Qxb7 15. Bxd4 Bxd4+ 16. Qxd4 Qc6 17. b4 Rc8 18. Ne2 O-O 19. c3 Qe4 20. Qd2 Qc4 21. Rf3 Ne4 22. Qc2 Qxb4 23. Nd4 Qxd4+ 0-1

[Event "Paul Keres mem (24th)"]
[Site "New Westminster CAN"]
[Date "1999.05.22"]
[Round "2"]
[White "Monteith, Donald"]
[Black "Martinovsky, Ian"]
[Result "0-1"]
[WhiteElo "1905"]
[BlackElo "2220"]
[PlyCount "70"]
[GameId "2160767911804958"]
[EventDate "1999.05.21"]
[EventType "swiss"]
[EventRounds "7"]
[EventCountry "CAN"]

1. d4 c5 2. d5 f5 3. c4 g6 4. Nc3 Bg7 5. Nf3 Nf6 6. e3 O-O 7. Bd3 Na6 8. a3 Nc7 9. O-O d6 10. Rb1 Bd7 11. Re1 a6 12. Bd2 b5 13. b4 cxb4 14. axb4 Kh8 15. Nd4 bxc4 16. Bxc4 Rc8 17. Qb3 Ng4 18. h3 Ne5 19. Be2 g5 20. Na4 Nb5 21. Ne6 Bxe6 22. dxe6 g4 23. hxg4 fxg4 24. Rec1 Rxc1+ 25. Bxc1 Qe8 26. Bb2 Qh5 27. Bxe5 Bxe5 28. g3 Rf6 29. Bf1 Rh6 30. Bg2 Bxg3 31. fxg3 Qh2+ 32. Kf1 Rf6+ 33. Ke1 Qxg2 34. Qd3 Qg1+ 35. Kd2 Rf2+ 0-1

[Event "Paul Keres mem (24th)"]
[Site "New Westminster CAN"]
[Date "1999.05.22"]
[Round "2"]
[White "Neufahrt, Gerhard"]
[Black "Kovacs, George"]
[Result "1-0"]
[WhiteElo "2180"]
[BlackElo "1795"]
[PlyCount "79"]
[GameId "2160767911804959"]
[EventDate "1999.05.21"]
[EventType "swiss"]
[EventRounds "7"]
[EventCountry "CAN"]

1. Nf3 Nf6 2. d4 g6 3. Bg5 Bg7 4. Nbd2 d5 5. e3 O-O 6. Ne5 c5 7. c3 Ne8 8. Bf4 f6 9. Nef3 Nd7 10. Nb3 c4 11. Nc1 b5 12. a4 Qa5 13. Na2 Bb7 14. Nb4 Nb6 15. b3 bxa4 16. bxa4 Nd7 17. e4 dxe4 18. Bxc4+ Kh8 19. Nd2 e3 20. fxe3 Bxg2 21. Rg1 Bb7 22. Be6 Nb6 23. Nb3 Qh5 24. Qxh5 gxh5 25. a5 Nc8 26. Nc5 Ned6 27. Ke2 Be4 28. Nxe4 Nxe4 29. Rxg7 Kxg7 30. Rg1+ Kh8 31. Bh6 Ng5 32. Bd5 Nd6 33. h4 Nb5 34. Bxa8 Rxa8 35. hxg5 Nxc3+ 36. Kd3 fxg5 37. Kxc3 g4 38. Nd3 e6 39. Nf4 Rc8+ 40. Kd3 1-0

[Event "Paul Keres mem (24th)"]
[Site "New Westminster CAN"]
[Date "1999.05.22"]
[Round "2"]
[White "Nishida, Harold"]
[Black "Lane, Travis"]
[Result "0-1"]
[WhiteElo "2085"]
[BlackElo "1872"]
[PlyCount "92"]
[GameId "2160767911804960"]
[EventDate "1999.05.21"]
[EventType "swiss"]
[EventRounds "7"]
[EventCountry "CAN"]

1. e4 c5 2. Nf3 e6 3. d4 cxd4 4. Nxd4 a6 5. c4 Nf6 6. Nc3 Qc7 7. Be3 Bb4 8. f3 Bxc3+ 9. bxc3 O-O 10. Bg5 d6 11. Bxf6 gxf6 12. Qd2 Nd7 13. g4 Kh8 14. Rg1 Ne5 15. Qh6 Ng6 16. f4 Qe7 17. Bd3 f5 18. Kf2 fxe4 19. Bxe4 Qh4+ 20. Qxh4 Nxh4 21. Rab1 Ra7 22. Rb6 Rd8 23. Rgb1 Rd7 24. f5 exf5 25. gxf5 Re7 26. Bd5 Nxf5 27. Nxf5 Bxf5 28. Re1 Rxe1 29. Kxe1 Kg7 30. Rxd6 b5 31. cxb5 axb5 32. Rb6 Bb1 33. Rxb5 Bxa2 34. Bxa2 Rxa2 35. Rh5 Kg6 36. Rh3 Rc2 37. Kd1 Rg2 38. Rg3+ Rxg3 39. hxg3 Kf5 40. Ke2 Ke4 41. c4 Kd4 42. Kf3 Kxc4 43. Kf4 Kd4 44. g4 Kd3 45. g5 Kd4 46. Kf5 Ke3 0-1

[Event "Paul Keres mem (24th)"]
[Site "New Westminster CAN"]
[Date "1999.05.22"]
[Round "2"]
[White "Pangilinan, Emmanuel"]
[Black "Pitre, Hanniegn"]
[Result "1/2-1/2"]
[WhiteElo "1903"]
[BlackElo "1999"]
[PlyCount "131"]
[GameId "2160767911804961"]
[EventDate "1999.05.21"]
[EventType "swiss"]
[EventRounds "7"]
[EventCountry "CAN"]

1. d4 Nf6 2. e3 c5 3. f4 Na6 4. Bd3 cxd4 5. exd4 Nb4 6. Be2 d5 7. c3 Nc6 8. Bd3 Bg4 9. Nf3 e6 10. O-O Ne4 11. Qe1 Bxf3 12. Rxf3 f5 13. Nd2 Qd7 14. Nb3 Be7 15. a4 O-O 16. Rh3 Rf7 17. Be3 b6 18. Nd2 Nxd2 19. Bxd2 Na5 20. Bb5 Qd6 21. Re3 Rf6 22. Qe2 Nb3 23. Rf1 a6 24. Bd3 Qd7 25. Bc2 Nxd2 26. Qxd2 b5 27. axb5 axb5 28. Bb3 Bd6 29. g3 h6 30. Rfe1 Kh7 31. Qe2 b4 32. Rxe6 bxc3 33. bxc3 Ra3 34. Rxf6 gxf6 35. Rb1 Qc6 36. Qd3 Kg7 37. Qf3 Be7 38. Bxd5 Qxc3 39. Qxc3 Rxc3 40. Rd1 Bb4 41. Kg2 Rc2+ 42. Kh3 h5 43. Be6 Kg6 44. d5 Bd6 45. Rg1 Rd2 46. Rg2 Rd3 47. Kh4 Rd4 48. Ra2 Bb4 49. Ra7 Be1 50. Kh3 h4 51. Kxh4 Rxf4+ 52. Kh3 Rd4 53. Ra1 Bb4 54. Rf1 f4 55. Rxf4 Rxf4 56. gxf4 f5 57. Kg3 Kf6 58. h4 Be1+ 59. Kh3 Bd2 60. Kg3 Be1+ 61. Kf3 Bxh4 62. Bc8 Be1 63. d6 Bb4 64. d7 Ke7 65. d8=Q+ Kxd8 66. Bxf5 1/2-1/2

[Event "Paul Keres mem (24th)"]
[Site "New Westminster CAN"]
[Date "1999.05.22"]
[Round "2"]
[White "Remedios, Russell"]
[Black "Jose, Marionito"]
[Result "1-0"]
[WhiteElo "2112"]
[BlackElo "1883"]
[PlyCount "57"]
[GameId "2160767911804963"]
[EventDate "1999.05.21"]
[EventType "swiss"]
[EventRounds "7"]
[EventCountry "CAN"]

1. Nf3 c5 2. c3 e6 3. d4 d5 4. g3 Nf6 5. Bg5 h6 6. Bxf6 Qxf6 7. Bg2 Nc6 8. O-O Bd6 9. Re1 O-O 10. e4 dxe4 11. Rxe4 cxd4 12. cxd4 Rd8 13. Nc3 g5 14. Qe2 Qg6 15. Ne5 Bxe5 16. dxe5 f5 17. exf6 Qxf6 18. Rd1 Rxd1+ 19. Qxd1 Qd8 20. Qh5 Kg7 21. h4 e5 22. Re3 Bf5 23. Bxc6 bxc6 24. Rxe5 Qf6 25. Qe2 gxh4 26. g4 Bg6 27. Re6 Qf4 28. Rxc6 Re8 29. Rxg6+ 1-0

[Event "Paul Keres mem (24th)"]
[Site "New Westminster CAN"]
[Date "1999.05.22"]
[Round "2"]
[White "Small, Hugh"]
[Black "Lee, Mau Seng"]
[Result "0-1"]
[WhiteElo "1734"]
[BlackElo "2033"]
[PlyCount "76"]
[GameId "2160767911804965"]
[EventDate "1999.05.21"]
[EventType "swiss"]
[EventRounds "7"]
[EventCountry "CAN"]

1. d4 Nf6 2. Nf3 g6 3. c4 Bg7 4. Nc3 O-O 5. g3 d6 6. Bg2 Nc6 7. O-O e5 8. dxe5 dxe5 9. a3 Be6 10. b3 h6 11. Qc2 Qc8 12. Rd1 Bf5 13. e4 Bg4 14. Be3 Nh5 15. b4 Bxf3 16. Bxf3 Nd4 17. Bxd4 exd4 18. Nd5 Re8 19. Qd3 c6 20. Bxh5 cxd5 21. Bxg6 dxc4 22. Bf5 cxd3 23. Bxc8 Raxc8 24. Rxd3 Rxe4 25. Kg2 Rc3 26. Kf3 Re6 27. Rxc3 dxc3 28. Ra2 h5 29. a4 Bd4 30. h3 Rf6+ 31. Ke4 Rxf2 32. Rxf2 Bxf2 33. Kd3 Be1 34. b5 Kg7 35. g4 hxg4 36. hxg4 Kf6 37. a5 Kg5 38. a6 bxa6 0-1

[Event "Paul Keres mem (24th)"]
[Site "New Westminster CAN"]
[Date "1999.05.22"]
[Round "2"]
[White "Sokourinski, Sergei"]
[Black "Orlov, Georgi"]
[Result "0-1"]
[WhiteElo "2268"]
[BlackElo "2597"]
[PlyCount "66"]
[GameId "2160767911804966"]
[EventDate "1999.05.21"]
[EventType "swiss"]
[EventRounds "7"]
[EventCountry "CAN"]

1. d4 Nf6 2. Nf3 e6 3. c4 Nc6 4. Nc3 Bb4 5. Bg5 h6 6. Bh4 g5 7. Bg3 Ne4 8. Qc2 Nxg3 9. hxg3 g4 10. d5 gxf3 11. dxc6 fxe2 12. cxd7+ Bxd7 13. Bxe2 Bc6 14. Bf3 Bxf3 15. gxf3 Qd7 16. Rd1 Qc6 17. O-O Bf8 18. Rfe1 Qxc4 19. Qf5 Bg7 20. Re4 Qc6 21. Nd5 Rd8 22. Qh5 Rd6 23. Kg2 Qd7 24. Ree1 O-O 25. Ne3 f5 26. b3 b5 27. Rc1 Rc8 28. Rc5 a6 29. Rec1 c6 30. a4 Rf8 31. axb5 axb5 32. Nc2 Rd2 33. Nb4 Qd4 0-1